| 000 | 00742nam a22002657a 4500 | ||
|---|---|---|---|
| 003 | BUBTL | ||
| 008 | 130506b xxu||||| |||| 00| 0 eng d | ||
| 020 | _a81-219-0074-3 | ||
| 082 |
_222 _a546 MAS |
||
| 100 |
_aMadan,R. D. _9816 |
||
| 110 | _aWilkinson, Geoffrey and Gaus Paul L | ||
| 245 | _aSatya Prakash's Modern Inorganic Chemistry | ||
| 250 | _a1st | ||
| 260 |
_aNew Delhi _bS. Chand & Company _cc2011 |
||
| 300 |
_a22 cm _bxvi,1548 page _f13 _g22 cm |
||
| 600 | _aInorganic Chemistry | ||
| 650 | _2Inorganic Chemistry | ||
| 700 |
_aMadan,R. D. _9817 |
||
| 710 | _a | ||
| 856 |
_k0 _l0 _yDownload |
||
| 270 |
_aNew Delhi _bNew Delhi _dIndia |
||
| 365 |
_b930.00 _d930.00 |
||
| 942 |
_2ddc _cBK |
||
| 999 |
_c311 _d311 |
||